ბათუმის შოთა რუსთაველის სახელმწიფო უნივერსიტეტის ბიბლიოთეკა

სამხედრო ოკუპაციის საერთაშორისო სამართალი =The International Law of Belligerent Occupation / (ბიბ.ჩანაწერი № 62953)

000 -ლიდერი
ფიქსირებული სიგრძის საკონტროლო ველი 01379nam a22002537a 4500
003 - საკონტროლო ნომრის იდენტიფიკატორი
საკონტროლო ველი Ge_BSU
005 - ბოლო ოპერაციის თარიღი და დრო
საკონტროლო ველი 20250403113745.0
008 - ფიქსირებული სიგრძის მონაცემთა ელემენტები - ზოგადი ინფორმაცია
ფიქსირებული სიგრძის საკონტროლო ველი 250403s2020 ge ||||| |||| 00| 0 geo d
020 ## - წიგნის საერთაშორისო სტანდარტული ნომერი
International Standard Book Number 9789941964893
041 ## - ენის კოდი
Language code of text/sound track or separate title geo
080 ## - უნივერსალური ათობითი კლასიფიკაციის ინდექსი
Universal Decimal Classification number 355 : 341 ფ-66
100 ## - მთავარი ჩანაწერი - პიროვნების სახელი
Personal name ფიფია, საბა
9 (RLIN) 24734
245 ## - ცნობა სათაურის შესახებ
Title სამხედრო ოკუპაციის საერთაშორისო სამართალი =The International Law of Belligerent Occupation /
Statement of responsibility, etc საბა ფიფია; რედ. ქეთევან ხუციშვილი.
264 ## - წარმოების, გამოცემის, დისტრიბუციის და სხვა ცნობები
გამოცემის, წარმოების, დისტრიბუციის... ადგილი თბილისი :
გამოცემის, წარმოების, დისტრიბუციის... სახელწოდება იურისტების სამყარო,
გამოცემის, წარმოების, დისტრიბუციის... თარიღი 2020.
300 ## - ფიზიკური აღწერა
Extent 336 გვ. ;
Other physical details 21 სმ.
490 ## - სერიის ცნობა
Series statement ლევან ალექსიძის საერთაშორისო სამართლის პუბლიკაციათა სერია
501 ## - შენიშვნა თანმხლებ მასალაზე
With note სტატიები, პუბლიკაციები გვ. 305-335
504 ## - BIBLIOGRAPHY, ETC. NOTE
Bibliography, etc ბიბლიოგრ. გვ. 285-304
520 ## - SUMMARY, ETC.
Summary, etc რეზიუმე ინგლ. ენაზე. გვ. 14-27
653 ## - INDEX TERM--UNCONTROLLED
Uncontrolled term სამხედრო ოკუპაცია
653 ## - INDEX TERM--UNCONTROLLED
Uncontrolled term სამართალი
700 ## - ADDED ENTRY--PERSONAL NAME
Personal name ხუციშვილი, ქეთევან
Relator term რედაქტორი
9 (RLIN) 5752
942 ## - ADDED ENTRY ELEMENTS (KOHA)
Source of classification or shelving scheme
Koha item type წიგნი
ეგზემპლარები
ჩამოწერის სტატუსი დაკარგული ეგზემპლარის სტატუსი კლასიფიკაციის წყარო ან თაროზე გაწყობის სქემა დაზიანების სტატუსი არ გაიცემა მუდმივი მდებარეობა (დაცვის ადგილი) ამჟამინდელი ადგილსამყოფელი თაროზე განთავსების ადგილი შეძენის თარიღი ღირებულება, შესყიდვის ნორმალური ფასი სრული შენახვის შიფრი შტრიხკოდი ბოლო ოპერაციის თარიღი ეგზემპლარის მიმდევრობითი ნომერი (კეტერი?) Uniform Resource Identifier ფასის ძალაში შესვლის თარიღი ეგზემპლარის სახეობა საჯარო შენიშვნა
          ბათუმის შოთა რუსთაველის სახელმწიფო უნივერსიტეტის მთავარი ბიბლიოთეკა ბათუმის შოთა რუსთაველის სახელმწიფო უნივერსიტეტის მთავარი ბიბლიოთეკა წიგნსაცავი 2025-04-03 10.00 355 : 341 ფ-66 70972 2025-04-03 70972 ნაჩუქარი 2025-04-03 წიგნი 10 ლ.